000 00754nam a22002657a 4500
001 BR8201683
003 BR-BrBNA
005 20241213175338.0
007 ta
008 230509b bl.||||| |||| 00| 0 por d
040 _aBR-BrBNA
_bpor
_cBiblioteca Nacional de Agricultura
041 _a(Por)
072 _aC00; E30
_b/G514
090 _a C00 BR8201683
_b2024-8347
110 1 _aComissao Estadual de Planejamento Agricola, Fortaleza, CE (Brasil)
_92048
245 1 _aO projeto Ceara. Cartilha do pequeno produtor rural [Brasil]
260 3 _aFortaleza, CE (Brasil):
_c1982.
300 _a17 p.
650 _aTRABALHADOR RURAL
650 _aEXTENSAO RURAL
650 _aTREINAMENTO
650 _aFORTALEZA
650 _aCEARA
942 _cBK
_2AGRIS
999 _c33195
_d33195